000 00540nam a22001697a 4500
005 20151210121249.0
008 151207b xxu||||| |||| 00| 0 eng d
050 _aBX4705.P4
_bB192
100 _aBalling, Adalbert Ludwig
_921210
245 _aU-Abbog Francis Pfanner
_bindela eyaqopha umilando
_cby Balling, Adalbert Ludwig
260 _aMarianhill
_bMarianhill Mission Press
_c1983
300 _a156p.;
_c19cm.
500 _aIn Zulu
600 _aPfanner, Francis
_921211
700 _aKhumalo, P.M
_etr.
_921313
942 _2lcc
_cMONOGRAPH
999 _c123830
_d123830